| 000 | 00679cam a2200241 4500 | ||
|---|---|---|---|
| 008 | 090401t1992 xxu||||| |||| 00| 0 eng d | ||
| 020 | _a0611008165 | ||
| 035 | _a(Sirsi) u69239 | ||
| 041 | _aeng | ||
| 050 | _a692.5 | ||
| 245 | _aLaxton`s building price book ... 1993 | ||
| 250 | _a165th ed. | ||
| 260 |
_aEast Grinstead _bReed Information Services Ltd _c1992 |
||
| 300 | _a2v. ; 30cm. | ||
| 350 | _a79.5 | ||
| 650 | _aBUILT ENVIRONMENT-BUILDING COSTS | ||
| 650 | _aJOHNSON V B AND PARTNERS | ||
| 650 | _aBUILDING PRICE BOOKS | ||
| 690 | _aBUILT ENVIRONMENT-BUILDING COSTS | ||
| 700 |
_aV.B. Johnson and Partners., _xEditor |
||
| 942 | _n0 | ||
| 948 | _c04/03/1997 | ||
| 999 |
_c95171 _d95171 |
||